| Tag |
First Indicator |
Second Indicator |
Subfields |
| LEADER |
00000cgm a2200000Ia 4500 |
| 001 |
in00002846613 |
| 005 |
20190331170748.0 |
| 006 |
m c |
| 007 |
cr mna |
| 007 |
vz mzazuu |
| 008 |
080918s1999 nju030 o vleng d |
| 019 |
|
|
|a 53029462
|a 748579464
|
| 028 |
4 |
2 |
|a 9167
|b Films for the Humanities & Sciences
|
| 035 |
|
|
|a (OCoLC)ocn252855299
|
| 035 |
|
|
|a (OCoLC)252855299
|z (OCoLC)53029462
|z (OCoLC)748579464
|
| 040 |
|
|
|a JDD
|b eng
|c JDD
|d OCLCQ
|d CUT
|d OCLCA
|d OCLCQ
|d JDD
|d VLB
|d OCLCQ
|d BGU
|d ALSTP
|d OCLCQ
|d UtOrBLW
|
| 043 |
|
|
|a n-us---
|
| 049 |
|
|
|a TXAM
|
| 050 |
|
4 |
|a PN2266.3
|b .F43 1999
|
| 245 |
0 |
4 |
|a The Federal Theater, File 891, and the Mercury Theater /
|c Angelus Novus Productions, Inc. ; produced by Elena Pinto Simon ; written by Elena Pinto Simon with William Simon ; series directed by Elena Pinto Simon.
|
| 246 |
1 |
|
|i Title from FMG ONDemand website:
|a Federal Theater, Project 891, and the Mercury Theater
|
| 264 |
|
1 |
|a Princeton, NJ :
|b Films for the Humanities & Sciences,
|c [1999]
|
| 264 |
|
4 |
|c ©1999
|
| 300 |
|
|
|a 1 online resource (1 streaming video file (30 min.))
|
| 336 |
|
|
|a two-dimensional moving image
|b tdi
|2 rdacontent
|
| 337 |
|
|
|a computer
|b c
|2 rdamedia
|
| 338 |
|
|
|a online resource
|b cr
|2 rdacarrier
|
| 490 |
1 |
|
|a Search for an American voice in theater. [Episode 5]
|
| 511 |
0 |
|
|a Narrated by Elena Pinto Simon ; commentary: Ellen Adler, William Simon ; voices: Steven Sparargen, Angela Baker, Howard Emmanuel.
|
| 508 |
|
|
|a Camera, Julian Bodard ; edited by Elena Pinto Simon ; music, John Davis, Franz Hackl.
|
| 500 |
|
|
|a Content titles from website.
|
| 500 |
|
|
|a Additional features offered on FMG ONDemand include: textbook alignment and learning object information and standards for individual titles.
|
| 520 |
|
|
|a This film appraises the impact of the drama groups that flourished during the Depression and their lasting contributions to theater. Among the topics discussed are the American method style of acting, as pioneered at the Group Theatre; the Federal Theater, the Classical Theatre (Project 891), and the Mercury Theater, incubators for some of the most innovative and controversial works ever seen on the American stage; and the theatrical careers of Orson Welles and John Houseman.
|
| 505 |
0 |
0 |
|t Depression and the theater --
|t Group Theatre --
|t Federal Theater Project --
|t Success of the Federal Theater Project --
|t "Living newspaper" projects --
|t Houseman and Welles --
|t Project 891 --
|t Mercury Theater --
|t Influence of 1930s theater.
|
| 500 |
|
|
|a Electronic resource.
|
| 650 |
|
0 |
|a Theater and society
|z United States.
|
| 650 |
|
0 |
|a Depressions
|y 1929
|z United States.
|
| 600 |
1 |
0 |
|a Welles, Orson,
|d 1915-1985.
|
| 600 |
1 |
0 |
|a Houseman, John,
|d 1902-1988.
|
| 610 |
2 |
0 |
|a Group Theatre (U.S.)
|
| 610 |
2 |
0 |
|a Federal Theatre Project (U.S.)
|
| 610 |
2 |
0 |
|a Classic Theatre Guild.
|
| 610 |
2 |
0 |
|a Mercury Theater (New York, N.Y.)
|
| 650 |
|
0 |
|a American drama
|y 20th century
|x History and criticism.
|
| 650 |
|
0 |
|a Theater
|x History
|y 20th century.
|
| 650 |
|
0 |
|a Method acting
|x History.
|
| 655 |
|
7 |
|a Nonfiction films.
|2 lcgft
|
| 655 |
|
7 |
|a Documentary films.
|2 lcgft
|
| 655 |
|
7 |
|a Internet videos.
|2 lcgft
|
| 655 |
|
7 |
|a Video recordings.
|2 lcgft
|
| 700 |
1 |
|
|a Simon, Elena Pinto.
|
| 700 |
1 |
|
|a Sparargen, Steven.
|
| 700 |
1 |
|
|a Baker, Angela.
|
| 700 |
1 |
|
|a Emmanuel, Howard.
|
| 700 |
1 |
|
|a Adler, Ellen.
|
| 700 |
1 |
|
|a Simon, William.
|
| 710 |
2 |
|
|a Angelus Novus Productions.
|
| 710 |
2 |
|
|a Films for the Humanities & Sciences (Firm)
|
| 710 |
2 |
|
|a FMG ONDemand (Firm)
|
| 776 |
0 |
|
|t Federal Theater, File 891, and the Mercury Theater.
|w (OCoLC)48011667
|
| 830 |
|
0 |
|a Search for an American voice in theater.
|n Episode 5.
|
| 856 |
4 |
0 |
|u http://proxy.library.tamu.edu/login?url=http://www.aspresolver.com/aspresolver.asp?ATIV;657716
|z Connect to this online video
|t 0
|
| 994 |
|
|
|a 92
|b TXA
|
| 999 |
|
|
|a MARS
|
| 999 |
f |
f |
|s 0aa2f0b6-8cc2-342d-88a3-ece25c344805
|i 803a2ca0-2f28-37b6-bdc3-7ef6cd236613
|t 0
|
| 952 |
f |
f |
|a Texas A&M University
|b College Station
|c Electronic Resources
|d Available Online
|t 0
|e PN2266.3 .F43 1999
|h Library of Congress classification
|
| 998 |
f |
f |
|a PN2266.3 .F43 1999
|t 0
|l Available Online
|